|
|
|
|
| LEADER |
00000naa2a2200000 4500 |
| 001 |
611096 |
| 005 |
20231101132636.0 |
| 035 |
|
|
|a (RuTPU)RU\TPU\conf\8757
|
| 035 |
|
|
|a RU\TPU\conf\8686
|
| 090 |
|
|
|a 611096
|
| 100 |
|
|
|a 20150213d2012 k y0rusy50 ca
|
| 101 |
0 |
|
|a rus
|
| 102 |
|
|
|a RU
|
| 105 |
|
|
|a y z 101zy
|
| 135 |
|
|
|a drcn ---uucaa
|
| 181 |
|
0 |
|a i
|
| 182 |
|
0 |
|a b
|
| 200 |
1 |
|
|a Роль систем управления бизнес-процессами предприятия на примере BPM-системы BizAgi
|f В. Ю. Погребной, А. А. Кошмелев
|
| 203 |
|
|
|a Текст
|c электронный
|
| 225 |
1 |
|
|a Информационные системы и программные средства в производстве и управлении
|
| 230 |
|
|
|a 1 компьютерный файл (pdf; 236 Kb)
|
| 300 |
|
|
|a Заглавие с титульного экрана
|
| 320 |
|
|
|a [Библиогр.: с. 325 (3 назв.)]
|
| 337 |
|
|
|a Adobe Reader
|
| 463 |
|
0 |
|0 (RuTPU)RU\TPU\conf\6944
|t Молодежь и современные информационные технологии
|o сборник трудов X Международной научно-практической конференции студентов, аспирантов и молодых ученых, г. Томск, 13-16 ноября 2012 г.
|f Национальный исследовательский Томский политехнический университет (ТПУ) ; под ред. Е. А. Сикоры и др.
|v [С. 333-335]
|d 2012
|
| 610 |
1 |
|
|a труды учёных ТПУ
|
| 610 |
1 |
|
|a электронный ресурс
|
| 610 |
1 |
|
|a системы управления
|
| 610 |
1 |
|
|a бизнес-процессы
|
| 610 |
1 |
|
|a предприятия
|
| 610 |
1 |
|
|a BPM-системы
|
| 610 |
1 |
|
|a BizAgi
|
| 700 |
|
1 |
|a Погребной
|b В. Ю.
|c специалист в области автоматики и электроники
|c ассистент Томского политехнического университета
|f 1990-
|g Вадим Юрьевич
|2 stltpush
|3 (RuTPU)RU\TPU\pers\34815
|
| 701 |
|
1 |
|a Кошмелев
|b А. А.
|
| 801 |
|
2 |
|a RU
|b 63413507
|c 20150611
|g RCR
|
| 856 |
4 |
|
|u http://www.lib.tpu.ru/fulltext/c/2012/C04/141.pdf
|
| 942 |
|
|
|c BK
|